| 000 | 00487nam a2200181Ia 4500 | ||
|---|---|---|---|
| 008 | 131103s9999 xx 000 0 und d | ||
| 020 | _cRs.10 | ||
| 040 | _aLoreto College | ||
| 041 | _aEnglish | ||
| 082 |
_a370.954/REP _bLCBED/7768 |
||
| 245 |
_aReport of the Education Commission _b 1964-66 |
||
| 260 |
_aDelhi _bMinistry of education _c1966 |
||
| 300 |
_a692p. _c 22cm. |
||
| 504 | _aIncludes index | ||
| 650 | _aEducation - India | ||
| 850 | _aLCBED/370.954/REP | ||
| 942 | _cBK | ||
| 999 |
_c33298 _d83777 |
||